000 02277nam0a2200349 4500
001 RU\NLR\bibl\1248872
005 20260407082014.0
010 _a978-5-91544-001-1
_93000
021 _aRU
_b2008-37011
_92037
035 _a(NLR Aleph) 001234998
090 _a222470
_c222470
100 _a20080704d2007 |||y0rusy50 ca
101 0 _arus
102 _aRU
105 _aa |||||||||
200 1 _aАкадемия гражданской защиты - кузница кадров МЧС России
_e15-летию Академии посвящается
_f[Антонова Т.Н., Бочанцев А.С., Волков А.В. и др.
_gпод общ. ред. к.э.н., ген.-полк. Попова П.А.]
_gМ-во Рос. Федерации по делам гражд. обороны, чрезвычайным ситуациям и ликвидации последствий стихийных бедствий
210 _aНовогорск
_aг. Химки
_cАГЗ МЧС
_aМосква
_cАНМИ
_d2007
215 _a412 с.
_cил., цв. ил., портр.
_d25
300 _aАвт. указаны на обороте тит. л.
601 0 2 _aАкадемия гражданской защиты
_cМосква, город
_92309616
_3RU\NLR\auth\661382326
686 _aЦ4,6(2Р)399.6
701 1 _4070
_8rus
_7ca
_aАнтонова
_bТ. Н.
_cинженер
_3RU\NLR\auth\7771239
_954167
701 1 _aБочанцев
_bА. С.
_4070
701 1 _4070
_8rus
_7ca
_aВолков
_bА. В.
_cподполковник, МЧС
_3RU\NLR\AUTH\7771245
_954173
702 1 _4340
_8rus
_7ca
_aПопов
_bП. А.
_cканд. экон. наук, ген.-полк.
_f1957-
_gПавел Анатольевич
_3RU\NLR\auth\7771240
_954168
712 0 1 _4570
_aРоссийская Федерация
_bМинистерство по делам гражданской обороны, чрезвычайным ситуациям и ликвидации последствий стихийных бедствий
_3RU\NLR\AUTH\887449
_9287026
801 0 _aRU
_bNLR
_c20080704
_gRCR
801 1 _aRU
_bNLR
_c20080704
942 _cBOOK
980 _aNB